000 00598nam a2200241 a 4500
001 nice12345678
003 IN_TiNIC
005 20260116013909.0
008 050524s1994 oxfa grp 000 0 eng
020 _a
_c399.6
082 0 0 _a297.1227
_bWAT
100 _aWatt, Willia Montgomery
245 _aCompanion to the Quran
260 _aOxford
_bOne World Publications
_c1994
300 _a355p
500 _aincludes index and biblioraphy
505 2 _aIndex
650 _aQuran-Hermeneutics
700 1 _aWatt, Willia Montgomery
902 _bSRS
942 _cBK
999 _c13004
_d13004